000 01119nam a22002897a 4500
005 2010092804024.0
008 100915t xxu||||| |||| 00| 0 hin d
010 _aHIN-90640
020 _c160.00
_a9788177112269
035 _aHN-62986
037 _bDBAD / PUB
040 _aDPL
_bHN
082 _a
100 _920178
_aशर्मा, शारदा
245 _aवैदेही /
_cशारदा शर्मा
246 _aVaidehi
_bby Sharda Sharma
260 _aजयपुर
_bसाहित्यागार
_c2010
270 _aधामाणी मार्केट की गली, चौड़ा रास्ता
_bजयपुर
300 _a135पृ.
_c22सेमी (सजिल्द)
650 _91159
_aहिन्दी साहित्य
650 _aHindi Sahitya
_922205
700 _920179
700 _920333
700 _920540
942 _2ddc
_cHN
_mशर्माशा
_h
999 _c47926
_d47926